| 000 | 01080nam a2200229 a 4500 | ||
|---|---|---|---|
| 001 | 000017940 | ||
| 005 | 20240410073846.0 | ||
| 008 | 100407s2002 dr ab 001 0 spa d | ||
| 040 |
_aDO-SdBNP _bspa _cBNPHU |
||
| 082 |
_a972.9304 _bB715r |
||
| 100 | 1 |
_aBonilla, Francisco Antonio _938905 |
|
| 245 | 1 | 0 |
_aRepública Dominicana, su independencia y su restauración : _bconferencia / _cFrancisco Antonio Bonilla. |
| 260 |
_aMao, República Dominicana : _b[Comité de Historia de Mao], _c2002. |
||
| 300 |
_a68 p. : _bil., mapas ; _c21 cm. |
||
| 504 | _aBibliografía: p. 68. | ||
| 505 | 0 |
_gIntroducción -- _tRepública Dominicana: origen y evolución -- _tIndependencia nacional -- _tLa restauración de la República. La anexión de 1861 -- _tConsecuencias de la Guerra Restauradora -- _gBibliografía. |
|
| 590 | _aInventariado, 2020/YL | ||
| 651 | 0 |
_aRepública Dominicana -- _xHistoria -- _y1844-1930 _91009 |
|
| 651 | 0 |
_aREPÚBLICA DOMINICANA _xHISTORIA _yRESTAURACIÓN 1863-1865 _9896 |
|
| 700 | 1 |
_aBonilla, Francisco Antonio _938905 |
|
| 910 | _aValidado. Control de la calidad EMS | ||
| 999 |
_c17464 _d17464 |
||